000 00563cam a2200193 4500
001 J100333
008 000000n1999 000 0 eng u
035 _a(Sirsi) u100142
050 _a333.3309421
110 _aDTZ Debenham Thorpe
_92895
245 _aPrime central London residential report 1999.
260 _aLondon
_bDTZ Debenham Thorpe
_c1999
300 _a8p. ; 30cm.
650 _aLONDON
650 _aRESIDENTIAL MARKET
650 _aRESIDENTIAL PROPERTY
_96266
690 _aPROPERTY-RESIDENTIAL PROPERTY-RESIDENTIAL PROPERTY MARKET
942 _n0
999 _c99618
_d99618